Frutales de hoja caduca en Chile: situación actual y perspectivas

Spremljeno u:
Bibliografski detalji
Autori kompanije: Fundación para la Innovación Agraria (Autor), FIA (Autor)
Format: Knjiga
Jezik:španjolski
Izdano: Santiago FIA 2003
Teme:
Oznake: Dodaj oznaku
Bez oznaka, Budi prvi tko označuje ovaj zapis!

MARC

LEADER 00000nam a2200000 a 4500
001 UCK1129
003 CL-VaPUC
008 041105e20030000CL |||||||||||||||||spa|d
020 |a 9567874441 
082 0 4 |a 634  |b FUN  |2 21 
110 2 |a Fundación para la Innovación Agraria  |e author  |9 488977 
710 2 |a FIA  |e author  |9 488978 
245 1 0 |a Frutales de hoja caduca en Chile: situación actual y perspectivas 
300 |a 188 p 
942 |c BK 
945 |d 20041105 00:00:00  |a cmena 
260 |a Santiago  |b FIA  |c 2003 
650 0 |a Fruticultura  |9 259678 
650 0 |a Árboles frutales   |9 264297 
650 7 |a DESARROLLO RURAL  |2 CL-VaPUC  |9 488979 
650 0 |a Agricultura  |9 255598 
651 7 |a CHILE  |2 CL-VaPUC  |9 488980 
583 |a last modification  |c 20150713 05:11:33  |k Rodrigo Vera 
999 |c 311223  |d 311221 
952 |0 0  |1 0  |4 0  |6 634_000000000000000_FUN_2003  |7 0  |8 A  |9 380534  |a BIBAGR  |b BIBAGR  |d 2019-11-21  |i 4075161  |l 4  |o 634 FUN 2003  |p 4075161  |r 2025-01-20  |s 2022-04-21  |w 2019-11-21  |y BK  |k AGR 
952 |0 0  |1 0  |4 0  |6 634_000000000000000_FUN_2003  |7 0  |8 A  |9 380535  |a BIBAGR  |b BIBAGR  |d 2019-11-21  |i 4636023  |l 1  |o 634 FUN 2003  |p 4636023  |r 2025-01-20  |s 2022-04-19  |w 2019-11-21  |y BK  |k AGR